Eurovision Winning Countries - Sudden Death - Statistics

General Stats
  • This quiz has been taken 848 times
  • The average score is 19 of 27
Answers on the Grid
Answers color-coded by a green-red scale on the quiz's grid according to % correct below.
Albania
Andorra
Armenia
Australia
Austria
Azerbaijan
Belarus
Belgium
Bosnia & Herzegovina
Bulgaria
Croatia
Cyprus
Czechia
Denmark
Estonia
Finland
France
Georgia
Germany
Greece
Hungary
Iceland
Ireland
Israel
Italy
Latvia
Lithuania
Luxembourg
Malta
Moldova
Monaco
Montenegro
Morocco
Netherlands
North Macedonia
Norway
Poland
Portugal
Romania
Russia
San Marino
Serbia
Serbia & Montenegro
Slovakia
Slovenia
Spain
Sweden
Switzerland
Turkey
Ukraine
United Kingdom
Yugoslavia
 
Answer Stats
Answer % Correct
Austria
84%
France
84%
Italy
84%
Germany
79%
Ireland
78%
Israel
78%
Denmark
77%
Finland
77%
Azerbaijan
75%
Greece
75%
Netherlands
75%
Belgium
74%
Sweden
74%
Ukraine
73%
United Kingdom
73%
Norway
71%
Switzerland
71%
Luxembourg
70%
Russia
70%
Spain
70%
Portugal
69%
Estonia
67%
Latvia
63%
Turkey
62%
Yugoslavia
57%
Serbia
55%
Monaco
51%
No matching quizzes found
Score Distribution
Percent of People with Each Score
Percentile by Number Answered
Your Score History
You have not taken this quiz